000 00434nam a2200157 4500
001 113654
003 ES-MaACL
005 20230906185953.0
007 t|
008 061121s1972 sp r ||||1| cat d
100 1 _aPalau i Fabre, Josep.
_988498
245 1 0 _aPoemes de l'alquimista /
_cJosep Palau i Fabre.
260 _aBarcelona :
_bProa,
_c1972.
300 _a119 p., 1 lám. ;
_c18 cm.
852 _aES-MaACL
_jC-52764
_bR.83165
999 _c113654
_d113654